|
|
|
|
| LEADER |
00000cam a2200000 7i4500 |
| 001 |
0000006089 |
| 002 |
000006579 |
| 005 |
20000330.0 |
| 020 |
|
|
|a 9679173399
|
| 090 |
0 |
0 |
|a 574
|b NOR
|
| 100 |
0 |
|
|a Noraini Abdullah
|
| 245 |
1 |
0 |
|a Nota peperiksaan :
|b spm-KBSM biologi 1995/6
|c Noraini Abdullah
|
| 260 |
|
|
|a Petaling Jaya :
|b Preston ,
|c 1995
|
| 300 |
|
|
|a 524p. ;
|c 28cm.
|
| 650 |
0 |
0 |
|a Biology
|x SPM
|
| 999 |
|
|
|a 038222
|b BUKU
|c RUJUKAN
|e PERPUSTAKAAN KOMUNITI PETALING JAYA
|
| 999 |
|
|
|a 038223
|b BUKU
|c RUJUKAN
|e PERPUSTAKAAN KOMUNITI PETALING JAYA
|
| 999 |
|
|
|a 0388222
|b BUKU
|c RUJUKAN ULANGKAJI
|e PERPUSTAKAAN KOMUNITI PETALING JAYA
|